<?xml version="1.0" encoding="UTF-8"?>
<record
    xmlns:xsi="http://www.w3.org/2001/XMLSchema-instance"
    xsi:schemaLocation="http://www.loc.gov/MARC21/slim http://www.loc.gov/standards/marcxml/schema/MARC21slim.xsd"
    xmlns="http://www.loc.gov/MARC21/slim">

  <leader>00627cam a2200193 i 4500</leader>
  <datafield tag="999" ind1=" " ind2=" ">
    <subfield code="c">58348</subfield>
    <subfield code="d">58348</subfield>
  </datafield>
  <controlfield tag="001">18165362</controlfield>
  <controlfield tag="005">20221111114114.0</controlfield>
  <controlfield tag="008">140527s2015    enka          000 0 eng  </controlfield>
  <datafield tag="020" ind1=" " ind2=" ">
    <subfield code="a">9780415713351x</subfield>
  </datafield>
  <datafield tag="041" ind1=" " ind2=" ">
    <subfield code="a">eng</subfield>
  </datafield>
  <datafield tag="080" ind1=" " ind2=" ">
    <subfield code="a">621.31 W-63</subfield>
  </datafield>
  <datafield tag="100" ind1="1" ind2=" ">
    <subfield code="a">White, Sean</subfield>
    <subfield code="c"> </subfield>
    <subfield code="9">12954</subfield>
  </datafield>
  <datafield tag="245" ind1="1" ind2="0">
    <subfield code="a">Solar photovoltaic basics :</subfield>
    <subfield code="b">a study guide for the NABCEP entry level exam /</subfield>
    <subfield code="c">Sean White.</subfield>
  </datafield>
  <datafield tag="264" ind1=" " ind2="1">
    <subfield code="a">New York :</subfield>
    <subfield code="b">Routledge,</subfield>
    <subfield code="c">2015.</subfield>
  </datafield>
  <datafield tag="300" ind1=" " ind2=" ">
    <subfield code="a">viii, 160 pages :</subfield>
    <subfield code="b">illustrations (some color) ;</subfield>
    <subfield code="c">19 cm.</subfield>
  </datafield>
  <datafield tag="653" ind1=" " ind2=" ">
    <subfield code="a">&#x10D4;&#x10DA;&#x10D4;&#x10E5;&#x10E2;&#x10E0;&#x10DD;&#x10E2;&#x10D4;&#x10E5;&#x10DC;&#x10D8;&#x10D9;&#x10D0;</subfield>
  </datafield>
  <datafield tag="653" ind1=" " ind2=" ">
    <subfield code="a">&#x42D;&#x43B;&#x435;&#x43A;&#x442;&#x440;&#x43E;&#x442;&#x435;&#x445;&#x43D;&#x438;&#x43A;&#x430;</subfield>
  </datafield>
  <datafield tag="942" ind1=" " ind2=" ">
    <subfield code="2">udc</subfield>
    <subfield code="c">BK</subfield>
  </datafield>
  <datafield tag="952" ind1=" " ind2=" ">
    <subfield code="0">0</subfield>
    <subfield code="1">0</subfield>
    <subfield code="2">udc</subfield>
    <subfield code="4">0</subfield>
    <subfield code="6">62131_W63</subfield>
    <subfield code="7">0</subfield>
    <subfield code="9">91092</subfield>
    <subfield code="a">CPL</subfield>
    <subfield code="b">CPL</subfield>
    <subfield code="c">GEN</subfield>
    <subfield code="d">2021-11-17</subfield>
    <subfield code="g">66.00</subfield>
    <subfield code="o">621.31 W-63</subfield>
    <subfield code="p">55443</subfield>
    <subfield code="r">2021-11-17</subfield>
    <subfield code="t">55443</subfield>
    <subfield code="w">2021-11-17</subfield>
    <subfield code="y">BK</subfield>
    <subfield code="z">66.00 GEL.</subfield>
  </datafield>
</record>
